000 00232nam a22001097a 4500
999 _c167752
_d167752
082 _a
_b
100 _aKamaleswar
245 _aKithane pakisthan/
_cby Kamaleswar.
260 _aNew Delhi:
_bRajpal,
_c
650 _a
942 _cBK